[Event "English Open Championship 2024"]
[Site "Holiday Inn, 212 Abbey End, Kenilworth CV8 1ED, United Kingdom"]
[Date "2024.06.20"]
[Round "2.23"]
[White "He, Tom Junde"]
[Black "Hobson, Kenneth"]
[Result "0-1"]
[TimeControl "G90 + 30secs/move"]
[WhiteFideId "488810"]
[BlackFideId "480819"]
[WhiteElo "1902"]
[BlackElo "2227"]

1. d4 {[%clk 01:30:59]} {[%emt 00:00:02]} Nf6 {[%clk 01:30:52]} {[%emt
00:00:08]} 2. c4 {[%clk 01:31:26]} {[%emt 00:00:03]} e6 {[%clk 01:31:13]}
{[%emt 00:00:09]} 3. g3 {[%clk 01:31:42]} {[%emt 00:00:13]} d5 {[%clk
01:31:22]} {[%emt 00:00:21]} 4. Nf3 {[%clk 01:32:05]} {[%emt 00:00:07]} Be7
{[%clk 01:31:12]} {[%emt 00:00:41]} 5. Bg2 {[%clk 01:32:26]} {[%emt 00:00:09]}
O-O {[%clk 01:31:18]} {[%emt 00:00:23]} 6. O-O {[%clk 01:32:50]} {[%emt
00:00:06]} c6 {[%clk 01:31:45]} {[%emt 00:00:04]} 7. Qc2 {[%clk 01:33:15]}
{[%emt 00:00:05]} b6 {[%clk 01:31:48]} {[%emt 00:00:27]} 8. Nbd2 {[%clk
01:33:30]} {[%emt 00:00:14]} Bb7 {[%clk 01:32:03]} {[%emt 00:00:16]} 9. e4
{[%clk 01:33:40]} {[%emt 00:00:20]} Na6 {[%clk 01:32:25]} {[%emt 00:00:08]} 10.
e5 {[%clk 01:33:38]} {[%emt 00:00:31]} Nd7 {[%clk 01:32:44]} {[%emt 00:00:11]}
11. cxd5 {[%clk 01:33:30]} {[%emt 00:00:39]} Nb4 {[%clk 01:33:07]} {[%emt
00:00:06]} 12. Qb3 {[%clk 01:25:40]} {[%emt 00:08:20]} Nxd5 {[%clk 01:31:37]}
{[%emt 00:02:01]} 13. Ne4 {[%clk 01:17:41]} {[%emt 00:08:28]} h6 {[%clk
01:31:11]} {[%emt 00:00:57]} 14. Rd1 {[%clk 01:15:44]} {[%emt 00:02:27]} c5
{[%clk 01:24:47]} {[%emt 00:06:53]} 15. Be3 {[%clk 01:00:46]} {[%emt 00:15:28]}
c4 {[%clk 01:21:06]} {[%emt 00:04:11]} 16. Qc2 {[%clk 01:01:04]} {[%emt
00:00:13]} Nxe3 {[%clk 01:16:44]} {[%emt 00:04:52]} 17. fxe3 {[%clk 01:01:21]}
{[%emt 00:00:13]} b5 {[%clk 01:12:21]} {[%emt 00:04:53]} 18. Nfd2 {[%clk
00:51:24]} {[%emt 00:10:26]} Bd5 {[%clk 01:09:14]} {[%emt 00:03:37]} 19. Nc3
{[%clk 00:49:08]} {[%emt 00:02:45]} Bxg2 {[%clk 01:09:23]} {[%emt 00:00:21]} 20.
Kxg2 {[%clk 00:41:20]} {[%emt 00:08:19]} Nb6 {[%clk 01:08:47]} {[%emt
00:01:05]} 21. Kg1 {[%clk 00:37:25]} {[%emt 00:04:26]} Bg5 {[%clk 01:06:04]}
{[%emt 00:03:12]} 22. Re1 {[%clk 00:31:53]} {[%emt 00:06:01]} a6 {[%clk
00:50:39]} {[%emt 00:15:57]} 23. a4 {[%clk 00:19:19]} {[%emt 00:13:04]} Nd5
{[%clk 00:44:11]} {[%emt 00:06:56]} 24. Nxd5 {[%clk 00:15:14]} {[%emt
00:04:36]} Qxd5 {[%clk 00:44:18]} {[%emt 00:00:23]} 25. b3 {[%clk 00:12:25]}
{[%emt 00:03:19]} Rac8 {[%clk 00:33:34]} {[%emt 00:11:14]} 26. bxc4 {[%clk
00:08:48]} {[%emt 00:04:07]} bxc4 {[%clk 00:33:24]} {[%emt 00:00:40]} 27. Qc3
{[%clk 00:08:47]} {[%emt 00:00:31]} Rfd8 {[%clk 00:28:30]} {[%emt 00:05:24]} 28.
Rab1 {[%clk 00:07:15]} {[%emt 00:02:04]} Rc6 {[%clk 00:19:50]} {[%emt
00:09:09]} 29. Rb4 {[%clk 00:06:40]} {[%emt 00:01:05]} Rdc8 {[%clk 00:19:53]}
{[%emt 00:00:26]} 30. Rc1 {[%clk 00:05:50]} {[%emt 00:01:20]} h5 {[%clk
00:16:28]} {[%emt 00:03:55]} 31. Kf2 {[%clk 00:05:36]} {[%emt 00:00:44]} h4
{[%clk 00:16:01]} {[%emt 00:00:57]} 32. Nf3 {[%clk 00:03:21]} {[%emt 00:02:45]}
Bd8 {[%clk 00:15:13]} {[%emt 00:01:18]} 33. Rb7 {[%clk 00:01:48]} {[%emt
00:02:03]} h3 {[%clk 00:13:05]} {[%emt 00:02:38]} 34. Rc2 {[%clk 00:01:32]}
{[%emt 00:00:47]} Qe4 {[%clk 00:11:43]} {[%emt 00:01:51]} 35. Rc1 {[%clk
00:01:20]} {[%emt 00:00:43]} Qd5 {[%clk 00:11:14]} {[%emt 00:00:59]} 36. Rc2
{[%clk 00:01:29]} {[%emt 00:00:21]} Ba5 {[%clk 00:10:26]} {[%emt 00:01:17]} 37.
Qb2 {[%clk 00:01:04]} {[%emt 00:00:55]} g5 {[%clk 00:10:23]} {[%emt 00:00:33]}
38. Qa3 {[%clk 00:01:02]} {[%emt 00:00:33]} g4 {[%clk 00:09:25]} {[%emt
00:01:28]} 39. Nh4 {[%clk 00:00:59]} {[%emt 00:00:32]} Qh1 {[%clk 00:08:52]}
{[%emt 00:01:02]} 40. Re2 {[%clk 00:00:37]} {[%emt 00:00:53]} Qxh2+ {[%clk
00:09:05]} {[%emt 00:00:18]} 41. Kf1 {[%clk 00:01:03]} {[%emt 00:00:03]} Qh1+
{[%clk 00:09:17]} {[%emt 00:00:18]} 42. Kf2 {[%clk 00:01:25]} {[%emt 00:00:08]}
h2 {[%clk 00:09:33]} {[%emt 00:00:14]} 43. Reb2 {[%clk 00:00:52]} {[%emt
00:01:04]} Qe1+ {[%clk 00:09:34]} {[%emt 00:00:28]} 44. Kg2 {[%clk 00:01:20]}
{[%emt 00:00:02]} h1=Q# {[%clk 00:09:53]} {[%emt 00:00:12]} 0-1

[Event "English Open Championship 2024"]
[Site "Holiday Inn, 212 Abbey End, Kenilworth CV8 1ED, United Kingdom"]
[Date "2024.06.20"]
[Round "2.24"]
[White "Nicholas, Koichi B"]
[Black "Patel, Zain"]
[Result "1-0"]
[TimeControl "G90 + 30secs/move"]
[WhiteFideId "409820"]
[BlackFideId "469246"]
[WhiteElo "2130"]
[BlackElo "1972"]

1. e4 {[%clk 01:30:30]} {[%emt 01:27:17]} c6 {[%clk 01:29:24]} {[%emt
00:01:39]} 2. d4 {[%clk 01:30:46]} {[%emt 00:00:13]} d5 {[%clk 01:29:32]}
{[%emt 00:00:23]} 3. Nc3 {[%clk 01:30:46]} {[%emt 00:00:30]} dxe4 {[%clk
01:28:51]} {[%emt 00:01:11]} 4. Nxe4 {[%clk 01:31:06]} {[%emt 00:00:10]} Nf6
{[%clk 01:28:47]} {[%emt 00:00:35]} 5. Nxf6+ {[%clk 01:31:20]} {[%emt
00:00:15]} exf6 {[%clk 01:29:09]} {[%emt 00:00:09]} 6. c3 {[%clk 01:31:35]}
{[%emt 00:00:14]} Bd6 {[%clk 01:28:35]} {[%emt 00:01:05]} 7. Bd3 {[%clk
01:31:44]} {[%emt 00:00:19]} O-O {[%clk 01:28:40]} {[%emt 00:00:27]} 8. Qc2
{[%clk 01:31:50]} {[%emt 00:00:23]} Re8+ {[%clk 01:28:43]} {[%emt 00:00:27]} 9.
Ne2 {[%clk 01:31:58]} {[%emt 00:00:22]} h5 {[%clk 01:28:38]} {[%emt 00:00:35]}
10. O-O {[%clk 01:31:43]} {[%emt 00:00:45]} Nd7 {[%clk 01:21:25]} {[%emt
00:07:44]} 11. Ng3 {[%clk 01:30:52]} {[%emt 00:01:20]} Bxg3 {[%clk 01:16:21]}
{[%emt 00:05:35]} 12. hxg3 {[%clk 01:31:10]} {[%emt 00:00:11]} Nf8 {[%clk
01:15:30]} {[%emt 00:01:22]} 13. Be3 {[%clk 01:30:53]} {[%emt 00:00:45]} Be6
{[%clk 01:13:44]} {[%emt 00:02:17]} 14. Rfe1 {[%clk 01:30:39]} {[%emt
00:00:43]} Rc8 {[%clk 01:12:26]} {[%emt 00:01:49]} 15. b3 {[%clk 01:29:01]}
{[%emt 00:02:08]} Rc7 {[%clk 00:59:13]} {[%emt 00:13:43]} 16. Rad1 {[%clk
01:17:27]} {[%emt 00:12:03]} Rce7 {[%clk 00:53:58]} {[%emt 00:05:46]} 17. c4
{[%clk 01:06:18]} {[%emt 00:11:39]} Bg4 {[%clk 00:47:55]} {[%emt 00:06:33]} 18.
Be2 {[%clk 01:02:21]} {[%emt 00:04:27]} Bxe2 {[%clk 00:47:06]} {[%emt
00:01:19]} 19. Qxe2 {[%clk 00:58:07]} {[%emt 00:04:44]} g6 {[%clk 00:45:28]}
{[%emt 00:02:08]} 20. Qf3 {[%clk 00:56:46]} {[%emt 00:01:51]} Re4 {[%clk
00:42:11]} {[%emt 00:03:48]} 21. Rd2 {[%clk 00:55:17]} {[%emt 00:01:58]} Qa5
{[%clk 00:37:46]} {[%emt 00:04:54]} 22. Red1 {[%clk 00:53:50]} {[%emt
00:01:58]} Nd7 {[%clk 00:31:59]} {[%emt 00:06:18]} 23. Rc2 {[%clk 00:48:37]}
{[%emt 00:05:42]} R4e7 {[%clk 00:27:22]} {[%emt 00:05:08]} 24. Bd2 {[%clk
00:45:55]} {[%emt 00:03:11]} Qb6 {[%clk 00:26:49]} {[%emt 00:01:03]} 25. Bc3
{[%clk 00:44:57]} {[%emt 00:01:28]} Kg7 {[%clk 00:25:13]} {[%emt 00:02:06]} 26.
Rcd2 {[%clk 00:42:43]} {[%emt 00:02:44]} a5 {[%clk 00:22:12]} {[%emt 00:03:32]}
27. g4 {[%clk 00:30:55]} {[%emt 00:12:17]} hxg4 {[%clk 00:18:19]} {[%emt
00:04:24]} 28. Qxg4 {[%clk 00:31:07]} {[%emt 00:00:17]} Qc7 {[%clk 00:17:54]}
{[%emt 00:00:56]} 29. g3 {[%clk 00:28:01]} {[%emt 00:03:35]} Re4 {[%clk
00:15:26]} {[%emt 00:02:58]} 30. Qf3 {[%clk 00:27:47]} {[%emt 00:00:43]} Re1+
{[%clk 00:12:54]} {[%emt 00:03:04]} 31. Kg2 {[%clk 00:25:31]} {[%emt 00:02:45]}
Qc8 {[%clk 00:11:07]} {[%emt 00:02:17]} 32. Rxe1 {[%clk 00:24:20]} {[%emt
00:01:41]} Rxe1 {[%clk 00:11:28]} {[%emt 00:00:10]} 33. Re2 {[%clk 00:24:08]}
{[%emt 00:00:41]} Rxe2 {[%clk 00:10:26]} {[%emt 00:01:32]} 34. Qxe2 {[%clk
00:24:34]} {[%emt 00:00:04]} Qd8 {[%clk 00:09:50]} {[%emt 00:01:06]} 35. Qe4
{[%clk 00:23:00]} {[%emt 00:02:03]} Nb8 {[%clk 00:06:21]} {[%emt 00:04:00]} 36.
d5 {[%clk 00:19:15]} {[%emt 00:04:15]} c5 {[%clk 00:04:13]} {[%emt 00:02:39]}
37. Qf4 {[%clk 00:18:21]} {[%emt 00:01:22]} Nd7 {[%clk 00:04:03]} {[%emt
00:00:41]} 38. g4 {[%clk 00:17:44]} {[%emt 00:01:06]} Kg8 {[%clk 00:03:19]}
{[%emt 00:01:15]} 39. Qd6 {[%clk 00:14:18]} {[%emt 00:03:56]} Qe8 {[%clk
00:02:24]} {[%emt 00:01:25]} 40. Kg3 {[%clk 00:13:41]} {[%emt 00:01:06]} b6
{[%clk 00:01:14]} {[%emt 00:01:41]} 41. Bxf6 {[%clk 00:12:52]} {[%emt
00:01:19]} Nxf6 {[%clk 00:00:51]} {[%emt 00:00:54]} 42. Qxf6 {[%clk 00:13:17]}
{[%emt 00:00:03]} Qe1 {[%clk 00:01:01]} {[%emt 00:00:22]} 43. Kg2 {[%clk
00:10:30]} {[%emt 00:03:16]} Qe4+ {[%clk 00:01:01]} {[%emt 00:00:30]} 44. Qf3
{[%clk 00:10:49]} {[%emt 00:00:11]} Qe5 {[%clk 00:01:24]} {[%emt 00:00:08]} 45.
Qe3 {[%clk 00:08:17]} {[%emt 00:03:01]} Qd6 {[%clk 00:01:33]} {[%emt 00:00:22]}
46. Qg3 {[%clk 00:08:32]} {[%emt 00:00:15]} Qd7 {[%clk 00:01:39]} {[%emt
00:00:23]} 47. Qb8+ {[%clk 00:08:26]} {[%emt 00:00:36]} Kg7 {[%clk 00:01:30]}
{[%emt 00:00:39]} 48. Qe5+ {[%clk 00:08:44]} {[%emt 00:00:12]} f6 {[%clk
00:01:37]} {[%emt 00:00:24]} 49. Qe6 {[%clk 00:05:21]} {[%emt 00:03:53]} Qxe6
{[%clk 00:01:48]} {[%emt 00:00:19]} 50. dxe6 {[%clk 00:05:48]} {[%emt
00:00:02]} Kf8 {[%clk 00:01:48]} {[%emt 00:00:30]} 51. f4 {[%clk 00:06:01]}
{[%emt 00:00:17]} f5 {[%clk 00:02:15]} {[%emt 00:00:03]} 52. gxf5 {[%clk
00:06:25]} {[%emt 00:00:05]} gxf5 {[%clk 00:01:07]} {[%emt 00:01:39]} 53. Kg3
{[%clk 00:06:42]} {[%emt 00:00:13]} Ke7 {[%clk 00:01:05]} {[%emt 00:00:33]} 54.
Kh4 {[%clk 00:07:04]} {[%emt 00:00:07]} Kxe6 {[%clk 00:01:10]} {[%emt
00:00:25]} 55. Kg5 {[%clk 00:07:27]} {[%emt 00:00:06]} b5 {[%clk 00:00:56]}
{[%emt 00:00:46]} 56. a4 {[%clk 00:06:38]} {[%emt 00:01:18]} bxa4 {[%clk
00:00:47]} {[%emt 00:00:40]} 57. bxa4 {[%clk 00:07:00]} {[%emt 00:00:07]} 1-0

[Event "English Open Championship 2024"]
[Site "Holiday Inn, 212 Abbey End, Kenilworth CV8 1ED, United Kingdom"]
[Date "2024.06.20"]
[Round "2.25"]
[White "Clarke, James"]
[Black "Hertog, Alexander"]
[Result "1-0"]
[TimeControl "G90 + 30secs/move"]
[WhiteFideId "463140"]
[BlackFideId "488453"]
[WhiteElo "1894"]
[BlackElo "1943"]

1. e4 {[%clk 01:30:57]} {[%emt 00:00:02]} c6 {[%clk 01:30:58]} {[%emt
00:00:03]} 2. d4 {[%clk 01:31:21]} {[%emt 00:00:06]} d5 {[%clk 01:31:26]}
{[%emt 00:00:03]} 3. e5 {[%clk 01:31:43]} {[%emt 00:00:06]} c5 {[%clk
01:31:54]} {[%emt 00:00:03]} 4. Nf3 {[%clk 01:32:07]} {[%emt 00:00:05]} cxd4
{[%clk 01:32:22]} {[%emt 00:00:03]} 5. Qxd4 {[%clk 01:32:22]} {[%emt 00:00:15]}
Nc6 {[%clk 01:32:42]} {[%emt 00:00:11]} 6. Qf4 {[%clk 01:32:46]} {[%emt
00:00:05]} e6 {[%clk 01:31:27]} {[%emt 00:01:46]} 7. Be3 {[%clk 01:32:06]}
{[%emt 00:01:09]} Qc7 {[%clk 01:23:48]} {[%emt 00:08:10]} 8. Nc3 {[%clk
01:31:15]} {[%emt 00:01:20]} Bb4 {[%clk 01:21:28]} {[%emt 00:02:50]} 9. Bb5
{[%clk 01:25:05]} {[%emt 00:06:40]} Bxc3+ {[%clk 01:15:12]} {[%emt 00:06:47]}
10. bxc3 {[%clk 01:25:28]} {[%emt 00:00:06]} Nge7 {[%clk 01:15:22]} {[%emt
00:00:20]} 11. O-O {[%clk 01:22:33]} {[%emt 00:03:24]} Ng6 {[%clk 01:14:56]}
{[%emt 00:00:57]} 12. Qg3 {[%clk 01:21:54]} {[%emt 00:01:09]} Bd7 {[%clk
01:11:53]} {[%emt 00:03:33]} 13. Bxc6 {[%clk 01:15:55]} {[%emt 00:06:29]} Bxc6
{[%clk 01:09:55]} {[%emt 00:02:27]} 14. Bc5 {[%clk 01:05:20]} {[%emt 00:11:05]}
Ba4 {[%clk 01:08:58]} {[%emt 00:01:28]} 15. Bd6 {[%clk 01:05:06]} {[%emt
00:00:44]} Qxc3 {[%clk 01:09:16]} {[%emt 00:00:12]} 16. Rab1 {[%clk 00:56:52]}
{[%emt 00:08:43]} Bc6 {[%clk 01:07:40]} {[%emt 00:02:07]} 17. Rfd1 {[%clk
00:50:57]} {[%emt 00:06:25]} Rc8 {[%clk 00:43:16]} {[%emt 00:24:54]} 18. Qg4
{[%clk 00:45:16]} {[%emt 00:06:11]} Qxc2 {[%clk 00:12:47]} {[%emt 00:31:00]} 19.
Nd4 {[%clk 00:43:40]} {[%emt 00:02:05]} Qa4 {[%clk 00:12:31]} {[%emt 00:00:46]}
20. Qe2 {[%clk 00:34:29]} {[%emt 00:09:41]} Ne7 {[%clk 00:02:56]} {[%emt
00:10:05]} 21. Rb4 {[%clk 00:30:36]} {[%emt 00:04:22]} Qa5 {[%clk 00:02:51]}
{[%emt 00:00:36]} 22. Nxc6 {[%clk 00:24:58]} {[%emt 00:06:08]} bxc6 {[%clk
00:02:09]} {[%emt 00:01:13]} 23. Rb7 {[%clk 00:23:01]} {[%emt 00:02:26]} Nf5
{[%clk 00:02:31]} {[%emt 00:00:08]} 24. Bb4 {[%clk 00:21:10]} {[%emt 00:02:21]}
Qd8 {[%clk 00:00:31]} {[%emt 00:02:30]} 25. Qa6 {[%clk 00:16:35]} {[%emt
00:05:04]} c5 {[%clk 00:00:31]} {[%emt 00:00:31]} 26. Ba5 {[%clk 00:12:13]}
{[%emt 00:04:52]} Qh4 {[%clk 00:00:32]} {[%emt 00:00:29]} 27. Qb5+ {[%clk
00:12:16]} {[%emt 00:00:27]} Kf8 {[%clk 00:00:56]} {[%emt 00:00:06]} 28. Qd7
{[%clk 00:11:53]} {[%emt 00:00:52]} Ne7 {[%clk 00:00:49]} {[%emt 00:00:39]} 29.
Bd8 {[%emt 00:04:04]} 1-0

[Event "English Open Championship 2024"]
[Site "Holiday Inn, 212 Abbey End, Kenilworth CV8 1ED, United Kingdom"]
[Date "2024.06.20"]
[Round "2.26"]
[White "Damodaran, Patrick"]
[Black "Mason, Donald J"]
[Result "0-1"]
[TimeControl "G90 + 30secs/move"]
[WhiteFideId "465429"]
[BlackFideId "405116"]
[WhiteElo "1934"]
[BlackElo "2014"]

1. d4 {[%clk 01:30:14]} {[%emt 00:00:46]} Nf6 {[%clk 01:30:53]} {[%emt
00:00:07]} 2. c4 {[%clk 01:30:03]} {[%emt 00:00:42]} e6 {[%clk 01:26:03]}
{[%emt 00:05:20]} 3. Nc3 {[%clk 01:30:18]} {[%emt 00:00:13]} Bb4 {[%clk
01:26:23]} {[%emt 00:00:11]} 4. Qc2 {[%clk 01:30:44]} {[%emt 00:00:04]} d5
{[%clk 01:25:48]} {[%emt 00:01:05]} 5. e3 {[%clk 01:30:41]} {[%emt 00:00:29]}
O-O {[%clk 01:23:29]} {[%emt 00:02:54]} 6. Bd2 {[%clk 01:30:42]} {[%emt
00:00:27]} b6 {[%clk 01:20:26]} {[%emt 00:03:34]} 7. a3 {[%clk 01:30:35]}
{[%emt 00:00:34]} Bxc3 {[%clk 01:20:22]} {[%emt 00:00:37]} 8. Bxc3 {[%clk
01:30:54]} {[%emt 00:00:10]} Bb7 {[%clk 01:16:02]} {[%emt 00:04:51]} 9. Nf3
{[%clk 01:30:58]} {[%emt 00:00:25]} Nbd7 {[%clk 01:14:32]} {[%emt 00:02:01]} 10.
b3 {[%clk 01:29:45]} {[%emt 00:01:43]} Ne4 {[%clk 01:12:12]} {[%emt 00:02:50]}
11. Bb2 {[%clk 01:29:40]} {[%emt 00:00:33]} c5 {[%clk 01:11:37]} {[%emt
00:01:07]} 12. Bd3 {[%clk 01:29:10]} {[%emt 00:00:57]} Rc8 {[%clk 01:10:35]}
{[%emt 00:01:34]} 13. Rd1 {[%clk 01:28:30]} {[%emt 00:01:08]} Qe7 {[%clk
01:10:29]} {[%emt 00:00:39]} 14. Bxe4 {[%clk 01:27:13]} {[%emt 00:01:46]} dxe4
{[%clk 01:10:50]} {[%emt 00:00:10]} 15. Nd2 {[%clk 01:27:26]} {[%emt 00:00:15]}
cxd4 {[%clk 00:58:43]} {[%emt 00:12:40]} 16. Bxd4 {[%clk 01:25:42]} {[%emt
00:02:12]} e5 {[%clk 00:55:21]} {[%emt 00:03:53]} 17. Bc3 {[%clk 01:25:41]}
{[%emt 00:00:31]} Nc5 {[%clk 00:53:46]} {[%emt 00:02:05]} 18. Bb4 {[%clk
01:24:38]} {[%emt 00:01:33]} f5 {[%clk 00:43:25]} {[%emt 00:10:51]} 19. O-O
{[%clk 01:22:35]} {[%emt 00:02:30]} Rf6 {[%clk 00:43:44]} {[%emt 00:00:12]} 20.
Nb1 {[%clk 01:22:01]} {[%emt 00:01:06]} Rg6 {[%clk 00:37:11]} {[%emt 00:07:03]}
21. Bxc5 {[%clk 01:19:59]} {[%emt 00:02:32]} bxc5 {[%clk 00:29:17]} {[%emt
00:08:24]} 22. Qd2 {[%clk 01:19:18]} {[%emt 00:01:11]} Bc6 {[%clk 00:25:22]}
{[%emt 00:04:24]} 23. Nc3 {[%clk 01:18:13]} {[%emt 00:01:36]} f4 {[%clk
00:24:22]} {[%emt 00:01:30]} 24. Nd5 {[%clk 01:15:52]} {[%emt 00:02:51]} Qg5
{[%clk 00:18:15]} {[%emt 00:06:37]} 25. g3 {[%clk 01:15:21]} {[%emt 00:01:00]}
f3 {[%clk 00:18:26]} {[%emt 00:00:20]} 26. b4 {[%clk 01:13:14]} {[%emt
00:02:37]} Qh4 {[%clk 00:13:02]} {[%emt 00:05:53]} 27. Ne7+ {[%clk 01:10:22]}
{[%emt 00:03:24]} Qxe7 {[%clk 00:12:51]} {[%emt 00:00:40]} 28. h3 {[%clk
01:04:25]} {[%emt 00:06:26]} Qe6 {[%clk 00:10:09]} {[%emt 00:03:13]} 29. Kh2
{[%clk 01:02:53]} {[%emt 00:02:01]} Rh6 {[%clk 00:10:15]} {[%emt 00:00:25]} 30.
h4 {[%clk 01:02:35]} {[%emt 00:00:47]} Qg4 {[%clk 00:07:44]} {[%emt 00:03:01]}
31. Qd8+ {[%clk 01:02:27]} {[%emt 00:00:40]} Rxd8 {[%clk 00:08:04]} {[%emt
00:00:10]} 32. Rxd8+ {[%clk 01:02:55]} {[%emt 00:00:01]} Kf7 {[%clk 00:08:18]}
{[%emt 00:00:15]} 33. Rd7+ {[%clk 01:03:05]} {[%emt 00:00:21]} Bxd7 {[%clk
00:08:39]} {[%emt 00:00:09]} 34. Rh1 {[%clk 01:03:22]} {[%emt 00:00:13]} Qh3+
{[%clk 00:08:55]} {[%emt 00:00:14]} 35. Kg1 {[%clk 01:03:47]} {[%emt 00:00:05]}
Qg2# {[%clk 00:09:18]} {[%emt 00:00:07]} 0-1

[Event "English Open Championship 2024"]
[Site "Holiday Inn, 212 Abbey End, Kenilworth CV8 1ED, United Kingdom"]
[Date "2024.06.20"]
[Round "2.27"]
[White "De Coverly, Roger D"]
[Black "Kothari, Jai"]
[Result "1-0"]
[TimeControl "G90 + 30secs/move"]
[WhiteFideId "405213"]
[BlackFideId "477117"]
[WhiteElo "1923"]
[BlackElo "2038"]

1. e4 {[%clk 01:30:57]} {[%emt 00:00:03]} c5 {[%clk 01:30:57]} {[%emt
00:00:04]} 2. Nf3 {[%clk 01:31:18]} {[%emt 00:00:09]} Nc6 {[%clk 01:31:23]}
{[%emt 00:00:04]} 3. g3 {[%clk 01:31:41]} {[%emt 00:00:06]} g6 {[%clk
01:31:47]} {[%emt 00:00:06]} 4. Bg2 {[%clk 01:32:06]} {[%emt 00:00:05]} Bg7
{[%clk 01:32:12]} {[%emt 00:00:05]} 5. O-O {[%clk 01:32:24]} {[%emt 00:00:11]}
e6 {[%clk 01:32:15]} {[%emt 00:00:29]} 6. Re1 {[%clk 01:32:17]} {[%emt
00:00:37]} Nge7 {[%clk 01:31:58]} {[%emt 00:00:47]} 7. d3 {[%clk 01:31:25]}
{[%emt 00:01:22]} O-O {[%clk 01:32:11]} {[%emt 00:00:16]} 8. a4 {[%clk
01:30:31]} {[%emt 00:01:24]} d5 {[%clk 01:31:26]} {[%emt 00:01:15]} 9. e5
{[%clk 01:30:38]} {[%emt 00:00:23]} Qc7 {[%clk 01:31:11]} {[%emt 00:00:45]} 10.
Qe2 {[%clk 01:30:39]} {[%emt 00:00:29]} b6 {[%clk 01:30:35]} {[%emt 00:01:07]}
11. Bf4 {[%clk 01:29:18]} {[%emt 00:01:51]} Rb8 {[%clk 01:28:54]} {[%emt
00:02:11]} 12. Na3 {[%clk 01:28:28]} {[%emt 00:01:19]} a6 {[%clk 01:29:08]}
{[%emt 00:00:17]} 13. h4 {[%clk 01:27:30]} {[%emt 00:01:27]} h5 {[%clk
01:28:27]} {[%emt 00:01:11]} 14. c3 {[%clk 01:25:02]} {[%emt 00:02:58]} Nf5
{[%clk 01:22:59]} {[%emt 00:05:58]} 15. Bh3 {[%clk 01:22:56]} {[%emt 00:02:36]}
Nfe7 {[%clk 01:20:05]} {[%emt 00:03:25]} 16. Rab1 {[%clk 01:21:21]} {[%emt
00:02:05]} Rd8 {[%clk 01:11:46]} {[%emt 00:08:49]} 17. b4 {[%clk 01:18:03]}
{[%emt 00:03:47]} d4 {[%clk 01:10:43]} {[%emt 00:01:33]} 18. b5 {[%clk
01:17:36]} {[%emt 00:00:57]} Na5 {[%clk 01:10:52]} {[%emt 00:00:22]} 19. cxd4
{[%clk 01:16:28]} {[%emt 00:01:37]} cxd4 {[%clk 01:10:44]} {[%emt 00:00:38]} 20.
Rec1 {[%clk 01:14:48]} {[%emt 00:02:09]} Qd7 {[%clk 01:11:13]} {[%emt
00:00:02]} 21. Bg5 {[%clk 01:12:10]} {[%emt 00:03:07]} Bb7 {[%clk 01:10:44]}
{[%emt 00:00:59]} 22. Bg2 {[%clk 01:07:34]} {[%emt 00:05:06]} Rdc8 {[%clk
01:09:34]} {[%emt 00:01:41]} 23. Rxc8+ {[%clk 01:04:30]} {[%emt 00:03:33]} Nxc8
{[%clk 01:09:31]} {[%emt 00:00:33]} 24. Nc2 {[%clk 01:00:10]} {[%emt 00:04:51]}
axb5 {[%clk 01:07:17]} {[%emt 00:02:44]} 25. axb5 {[%clk 01:00:16]} {[%emt
00:00:22]} Bxf3 {[%clk 01:07:19]} {[%emt 00:00:29]} 26. Bxf3 {[%clk 01:00:13]}
{[%emt 00:00:32]} Na7 {[%clk 01:07:38]} {[%emt 00:00:12]} 27. Bf6 {[%clk
00:54:53]} {[%emt 00:05:50]} Nxb5 {[%clk 01:06:14]} {[%emt 00:01:55]} 28. Qd2
{[%clk 00:53:25]} {[%emt 00:01:57]} Nc3 {[%clk 01:00:29]} {[%emt 00:06:16]} 29.
Rb4 {[%clk 00:52:45]} {[%emt 00:01:09]} Nb5 {[%clk 00:58:28]} {[%emt 00:02:30]}
30. Qf4 {[%clk 00:49:25]} {[%emt 00:03:50]} Bf8 {[%clk 00:57:16]} {[%emt
00:01:44]} 31. Nxd4 {[%clk 00:48:09]} {[%emt 00:01:46]} Nc3 {[%clk 00:56:52]}
{[%emt 00:00:54]} 32. g4 {[%clk 00:27:26]} {[%emt 00:21:12]} hxg4 {[%clk
00:56:41]} {[%emt 00:00:41]} 33. Qxg4 {[%clk 00:22:24]} {[%emt 00:05:31]} Nd5
{[%clk 00:30:04]} {[%emt 00:27:08]} 34. Bxd5 {[%clk 00:18:18]} {[%emt
00:04:36]} Qxd5 {[%clk 00:30:30]} {[%emt 00:00:04]} 35. Rb1 {[%clk 00:17:59]}
{[%emt 00:00:49]} Bc5 {[%clk 00:29:28]} {[%emt 00:01:33]} 36. Nf3 {[%clk
00:15:18]} {[%emt 00:03:10]} Qxd3 {[%clk 00:29:08]} {[%emt 00:00:50]} 37. Rf1
{[%clk 00:14:52]} {[%emt 00:00:55]} Qf5 {[%clk 00:28:41]} {[%emt 00:00:57]} 38.
Qg3 {[%clk 00:14:49]} {[%emt 00:00:34]} b5 {[%clk 00:28:45]} {[%emt 00:00:27]}
39. Kg2 {[%clk 00:14:49]} {[%emt 00:00:28]} Bf8 {[%clk 00:26:17]} {[%emt
00:02:59]} 40. h5 {[%clk 00:13:54]} {[%emt 00:01:25]} Bg7 {[%clk 00:26:29]}
{[%emt 00:00:18]} 41. Rh1 {[%clk 00:12:01]} {[%emt 00:02:22]} Rc8 {[%clk
00:25:03]} {[%emt 00:01:57]} 42. Bxg7 {[%clk 00:11:35]} {[%emt 00:00:56]} Kxg7
{[%clk 00:25:27]} {[%emt 00:00:06]} 43. h6+ {[%clk 00:11:32]} {[%emt 00:00:33]}
Kh8 {[%clk 00:25:35]} {[%emt 00:00:22]} 44. Rh4 {[%clk 00:10:49]} {[%emt
00:01:13]} Rc4 {[%clk 00:25:24]} {[%emt 00:00:42]} 45. Nd4 {[%clk 00:10:11]}
{[%emt 00:01:07]} Rxd4 {[%clk 00:22:32]} {[%emt 00:03:23]} 46. Rxd4 {[%clk
00:10:33]} {[%emt 00:00:07]} Nc6 {[%clk 00:22:52]} {[%emt 00:00:11]} 47. Rf4
{[%clk 00:09:14]} {[%emt 00:01:47]} Qxe5 {[%clk 00:23:21]} {[%emt 00:00:02]} 48.
Rxf7 {[%clk 00:09:19]} {[%emt 00:00:25]} Qxg3+ {[%clk 00:23:50]} {[%emt
00:00:02]} 49. Kxg3 {[%clk 00:09:21]} {[%emt 00:00:28]} b4 {[%clk 00:24:19]}
{[%emt 00:00:01]} 50. Rb7 {[%clk 00:09:12]} {[%emt 00:00:38]} b3 {[%clk
00:24:29]} {[%emt 00:00:21]} 51. Kf4 {[%clk 00:08:58]} {[%emt 00:00:43]} b2
{[%clk 00:23:47]} {[%emt 00:01:13]} 52. Rxb2 {[%clk 00:09:08]} {[%emt
00:00:19]} 1-0